Traduction des couleurs en anglais moins de 1 minute - Statistiques

Statistiques générales
  • Ce quiz a été pris 997 fois
  • Le résultat moyen est 10 sur 10
Statistiques - réponses
Réponse % Correct
Rouge Red
100%
Noir Black
98%
Bleu Blue
98%
Vert Green
98%
Orange Orange
97%
Rose Pink
96%
Blanc White
95%
Jaune Yellow
95%
Violet Purple
89%
Marron Brown
88%
Aucun quiz correspondant
Distribution des résultats
% des personnes avec chaque résultat
Percentile par nombre de réponses
Votre historique - résultats
Vous n’avez pas pris ce quiz